000 00705nam a2200289Ia 4500
005 20260324141803.0
008 008 260324s9999 xx 000 0 eng d
020 _a9780203046425
037 _aEBOOK
040 _aCRL
040 _beng
040 _cCRL
041 _2eng
041 _aeng
084 _qCRL
100 _aFrances Chaput Waksler
_91209506
245 4 _aThe Little Trials Of Childhood
245 4 _bAnd Children's Strategies For Dealing With Them
260 _bTaylor and Francis
260 _c1996
365 _a
365 _b290
856 _uhttp://www.taylorfrancis.com/books/9780203046425
942 _cEBOOK
999 _c1812962
_d1812962